Normal view
MARC view
- Schlesinger, Mark A.
Entry Personal Name
001 - CONTROL NUMBER
- control field: 44777
003 - CONTROL NUMBER IDENTIFIER
- control field: NUST
005 - DATE AND TIME OF LATEST TRANSACTION
- control field: 20210314133049.0
008 - FIXED-LENGTH DATA ELEMENTS
- fixed length control field: 210314|| aca||aabn | a|a d
040 ## - CATALOGING SOURCE
- Original cataloging agency: NUST
- Transcribing agency: NUST
100 ## - HEADING--PERSONAL NAME
- Personal name: Schlesinger, Mark A.
670 ## - SOURCE DATA FOUND
- Source citation: Work cat.: (NUST): Schlesinger, Mark A.,, Mass and energy balances in materials engineering /, c1996.
